LEADER 03272nam 22006252 450 001 9910460852403321 005 20211007022609.0 010 $a90-485-2582-9 024 7 $a10.1515/9789048525829 035 $a(CKB)3710000000539492 035 $a(EBL)4391590 035 $a(MiAaPQ)EBC4391590 035 $a(DE-B1597)502549 035 $a(OCoLC)932498846 035 $a(DE-B1597)9789048525829 035 $a(MdBmJHUP)muse76703 035 $a(UkCbUP)CR9789048525829 035 $a(Au-PeEL)EBL4391590 035 $a(CaPaEBR)ebr11153792 035 $a(CaONFJC)MIL882490 035 $a(EXLCZ)993710000000539492 100 $a20201120d2015|||| uy| 0 101 0 $aeng 135 $aur||||||||||| 181 $ctxt$2rdacontent 182 $cc$2rdamedia 183 $acr$2rdacarrier 200 10$aGerman historians and the bombing of German cities $ethe contested air war /$fBas von Benda-Beckmann$b[electronic resource] 210 1$aAmsterdam :$cAmsterdam University Press,$d2015. 215 $a1 online resource (291 pages) $cdigital, PDF file(s) 225 1 $aNIOD studies on war, Holocaust, and genocide 300 $aTitle from publisher's bibliographic system (viewed on 14 Dec 2020). 311 0 $a90-8964-781-3 320 $aIncludes bibliographical references and index. 327 $tFront matter --$tTable Of Contents --$tPreface --$tIntroduction --$t1. Putting The Allies On Trial --$t2. Dresden And The Cold War --$t3. A past becomes history --$t4. The 'Imperialist Air War' --$t5. Breaking Taboos --$tConclusion --$tAbbreviations --$tBibliography --$tIndex. 330 $aToday, strategic aerial bombardments of urban areas that harm civilians, at times intentionally, are becoming increasingly common in global conflicts. This book reveals the history of these tactics as employed by nations that initiated aerial bombardments of civilians after World War I and during World War II. As one of the major symbols of German suffering, the Allied bombing left a strong imprint on German society. Bas von Benda-Beckmann explores how German historical accounts reflected debates on postwar identity and looks at whether the history of the air war forms a counternarrative against the idea of German collective guilt. Provocative and unflinching, this study offers a valuable contribution to German historiography. 410 0$aStudies of the NIOD Institute for War, Holocaust and Genocide Studies. 606 $aBombing, Aerial$zGermany$xHistory 606 $aBombing, Aerial$zGermany$xHistoriography 606 $aWorld War, 1939-1945$xDestruction and pillage$zGermany 606 $aWorld War, 1939-1945$xDestruction and pillage$zGermany$xHistoriography 606 $aHistorians$zGermany 615 0$aBombing, Aerial$xHistory. 615 0$aBombing, Aerial$xHistoriography. 615 0$aWorld War, 1939-1945$xDestruction and pillage 615 0$aWorld War, 1939-1945$xDestruction and pillage$xHistoriography. 615 0$aHistorians 676 $a940.54/213 700 $aBenda-Beckmann$b Bastiaan Robert von$0851456 801 0$bUkCbUP 801 1$bUkCbUP 906 $aBOOK 912 $a9910460852403321 996 $aGerman historians and the bombing of German cities$92488978 997 $aUNINA LEADER 01909nam a2200313 4500 001 991003083229707536 005 20250430130222.0 008 950131s1558 it b 000 0 ita 035 $ab14278480-39ule_inst 035 $aCICOGNARA-2885$9ExL 040 $aBibl. Interfacoltà T. Pellegrino$bita 100 1 $aMauro, Lucio$0717158 245 13$aLe antichità della città di Roma breuissimamente raccolte da chiunque ha scritto o antico o moderno /$cper Lucio Mauro ... ; et insieme anco di tutte le statue antiche, che per tutta Roma in diversi luoghi, e case particolari si veggono, raccolte e descritte / per M. Ulisse Aldroandi ... 260 $aIn Venetia :$bpresso Giordano Ziletti,$c1558 300 $a315, [i] p.; $c8° (16 cm) 500 $aDedicated to: "All'Illustriss. et Honoratissimo Signore il Signor Giulio Martinengo dalla Pallada" 500 $aPrinter's mark on title page and on verso of last leaf 500 $aRiproduzione in microfiche dell'originale conservato presso la Biblioteca Apostolica Vaticana 651 0$aRoma 700 12$aAldrovandi, Ulisse$d<1522-1605?>.$tDelle statue antiche che per tutta Roma in diuersi luoghi & case si ueggono 740 0 $aDi tutte le statue antiche che per tutta Roma in diuersi luoghi e case particolari si ueggono 787 18$iLeopoldo Cicognara Program :$tBiblioteca Cicognara$h[microform] : literary sources in the history of art and kindred subjects 787 18$tCatalogo ragionato dei libri d'arte e d'antichità / Leopoldo Cicognara 907 $a.b14278480$b01-04-22$c28-07-16 912 $a991003083229707536 945 $aLE002 SB Raccolta Cicognara, mcrf 3788$g0$lle002$pE0.00$rn$so $t11$u0$v0$w0$x0$y.i15749745$z28-07-16 996 $aAntichità della città di Roma breuissimamente raccolte da chiunque ha scritto o antico o moderno$91389833 997 $aUNISALENTO 998 $ale002$b28-07-16$cm$dg $e-$fita$git $h3$i1